Books of the Bible Etymology - Statistics

General Stats
  • This quiz has been taken 181 times
  • The average score is 14 of 18
Answer Stats
Etymology Book % Correct
Word that means "beginning" Genesis
97%
The prophet who was swallowed by a fish Jonah
95%
Word that means "songs" Psalms
93%
Word that means "leave" or "exit" Exodus
91%
The Gospel written by a former tax collector Matthew
87%
Man who was thrown into the lion's den Daniel
85%
A man who suffered loss and pain from Satan Job
85%
A letter to the people of Rome Romans
85%
The man who led the march around Jericho Joshua
84%
A Moabite woman who left her home to be with her family Ruth
83%
The first letter to the people of Corinth 1 Corinthians
81%
Named for the tribe of the Levites Leviticus
81%
The revealing of many things from Jesus to the apostle John Revelation
80%
A Jew who became the queen of Persia Esther
77%
A series of chosen people who led the Israelites into battle against their enemies Judges
60%
First book of the leaders of Israel 1 Kings
58%
Cupbearer who oversaw the rebuilding of the wall Nehemiah
47%
The brother of Jesus Jude
45%
No matching quizzes found
Score Distribution
Percent of People with Each Score
Percentile by Number Answered
Your Score History
You have not taken this quiz